[Event "7. Arber-Senioren-Cup 2019"]
[Site "Bodenmais"]
[Date "2019.08.04"]
[Round "9.15"]
[White "Steiger, Michael"]
[Black "Waltenberger, Udo"]
[Result "1-0"]
[WhiteElo "2016"]
[BlackElo "1986"]
[Annotator "NA"]
[PlyCount "43"]
[EventDate "2019.07.27"]
[EventType "swiss"]
[EventCountry "GER"]
[SourceTitle "playchess.com"]
[Source "ChessBase"]
[SourceQuality "1"]
[TimeControl "60/7800+30:0"]

1. c4 {[%emt 0:00:00]} c5 {[%emt 0:00:00]} 2. Nc3 {[%emt 0:00:30]} g6 {[%emt 0:00:30]} 3. g3 {[%emt 0:00:30]} Bg7 {[%emt 0:00:30]} 4. Bg2 {[%emt 0:00:30]} Nc6 {[%emt 0:00:30]} 5. Nf3 {[%emt 0:00:30]} e5 {[%emt 0:00:30]} 6. O-O {[%emt 0:02:06]} Nge7 {[%emt 0:00:30]} 7. a3 {[%emt 0:00:30]} Rb8 {[%emt 0:00:40]} 8. Rb1 {[%emt 0:00:30]} a5 {[%emt 0:00:30]} 9. Ne1 {[%emt 0:01:39]} d6 {[%emt 0:01:32]} 10. Nc2 {[%emt 0:01:02]} Be6 {[%emt 0:00:30]} 11. Ne3 {[%emt 0:01:00]} O-O {[%emt 0:19:10]} 12. Ned5 {[%emt 0:04:45]} Bf5 {[%emt 0:04:09]} 13. d3 {[%emt 0:02:07]} Nxd5 {[%emt 0:00:30]} 14. cxd5 {[%emt 0:20:10]} Ne7 {[%emt 0:00:30]} 15. b4 {[%emt 0:00:30]} axb4 {[%emt 0:00:45]} 16. axb4 {[%emt 0:00:30]} cxb4 {[%emt 0:05:23]} 17. Rxb4 {[%emt 0:03:22]} b5 {[%emt 0:25:49]} 18. Rxb5 {[%emt 0:12:55]} Rxb5 {[%emt 0:00:30]} 19. Nxb5 {[%emt 0:00:30]} Qb6 {[%emt 0:11:25]} 20. Na3 {[%emt 0:04:18]} Rb8 {[%emt 0:14:54]} 21. Nc4 {[%emt 0:06:04]} Qc5 {[%emt 0:02:21]} 22. Ba3 {[%emt 0:04:01]} 1-0

[Event "7. Arber-Senioren-Cup 2019"]
[Site "Bodenmais"]
[Date "2019.08.04"]
[Round "9.16"]
[White "Schmidt, Matthias"]
[Black "Latzel, Wolfgang"]
[Result "1-0"]
[WhiteElo "2020"]
[BlackElo "1881"]
[Annotator "NA"]
[PlyCount "57"]
[EventDate "2019.07.27"]
[EventType "swiss"]
[EventCountry "GER"]
[SourceTitle "playchess.com"]
[Source "ChessBase"]
[SourceQuality "1"]
[TimeControl "60/7800+30:0"]

1. d4 {[%emt 0:00:00]} d6 {[%emt 0:00:00]} 2. Nf3 {[%emt 0:00:00]} g6 {[%emt 0:00:00]} 3. c4 {[%emt 0:00:00]} Bg7 {[%emt 0:00:00]} 4. Nc3 {[%emt 0:00:42]} Nc6 {[%emt 0:01:22]} 5. e4 {[%emt 0:01:04]} e5 {[%emt 0:00:20]} 6. Be3 {[%emt 0:01:46]} exd4 {[%emt 0:01:23]} 7. Nxd4 {[%emt 0:00:36]} Nge7 {[%emt 0:00:08]} 8. h4 {[%emt 0:02:40]} h6 {[%emt 0:15:44]} 9. Qd2 {[%emt 0:05:29]} f5 {[%emt 0:08:15]} 10. Nxc6 {[%emt 0:01:53]} bxc6 {[%emt 0:00:42]} 11. Bd4 {[%emt 0:07:04]} O-O {[%emt 0:04:18]} 12. Bxg7 {[%emt 0:00:16]} Kxg7 {[%emt 0:00:02]} 13. O-O-O {[%emt 0:01:09]} fxe4 {[%emt 0:08:16]} 14. h5 {[%emt 0:04:57]} g5 {[%emt 0:10:30]} 15. Nxe4 {[%emt 0:03:19]} Ng8 {[%emt 0:03:08]} 16. Bd3 {[%emt 0:03:12]} c5 {[%emt 0:15:23]} 17. Qc3+ {[%emt 0:07:37]} Nf6 {[%emt 0:00:11]} 18. Bc2 {[%emt 0:00:41]} Qe7 {[%emt 0:04:40]} 19. Rde1 {[%emt 0:06:32]} Qd8 {[%emt 0:11:53]} 20. Re3 {[%emt 0:03:18]} Kg8 {[%emt 0:00:57]} 21. Ng3 {[%emt 0:08:53]} Ng4 {[%emt 0:03:12]} 22. Qd3 {[%emt 0:03:03]} Rf7 {[%emt 0:04:27]} 23. Qg6+ {[%emt 0:07:00]} Kf8 {[%emt 0:02:40]} 24. Rf3 {[%emt 0:02:05]} Qe7 {[%emt 0:06:05]} 25. Qh7 {[%emt 0:03:31]} Rxf3 {[%emt 0:09:00]} 26. Qh8+ {[%emt 0:01:11]} Kf7 {[%emt 0:00:09]} 27. Bg6+ {[%emt 0:02:15]} Ke6 {[%emt 0:00:21]} 28. gxf3 {[%emt 0:00:48]} Bb7 {[%emt 0:05:52]} 29. Bf5+ {[%emt 0:02:33]} 1-0

[Event "7. Arber-Senioren-Cup 2019"]
[Site "Bodenmais"]
[Date "2019.08.04"]
[Round "9.17"]
[White "Loibl, Johann"]
[Black "Gerl, Hans"]
[Result "0-1"]
[WhiteElo "1760"]
[BlackElo "1955"]
[Annotator "NA"]
[PlyCount "42"]
[EventDate "2019.07.27"]
[EventType "swiss"]
[EventCountry "GER"]
[SourceTitle "playchess.com"]
[Source "ChessBase"]
[SourceQuality "1"]
[TimeControl "60/7800+30:0"]

1. e4 {[%emt 0:00:00]} c5 {[%emt 0:00:00]} 2. b4 {[%emt 0:00:00]} cxb4 {[%emt 0:00:00]} 3. a3 {[%emt 0:00:00]} e6 {[%emt 0:01:03]} 4. axb4 {[%emt 0:00:00]} Bxb4 {[%emt 0:00:18]} 5. c3 {[%emt 0:00:07]} Be7 {[%emt 0:01:29]} 6. d4 {[%emt 0:00:20]} d6 {[%emt 0:00:53]} 7. Nf3 {[%emt 0:00:28]} Nf6 {[%emt 0:01:23]} 8. Bd3 {[%emt 0:00:15]} O-O {[%emt 0:00:46]} 9. Qc2 {[%emt 0:01:39]} h6 {[%emt 0:01:05]} 10. Ba3 {[%emt 0:08:36]} Nc6 {[%emt 0:03:55]} 11. Nbd2 {[%emt 0:04:45]} Bd7 {[%emt 0:03:02]} 12. e5 {[%emt 0:09:15]} dxe5 {[%emt 0:01:18]} 13. dxe5 {[%emt 0:01:01]} Ng4 {[%emt 0:01:49]} 14. Nc4 {[%emt 0:04:04]} Bxa3 {[%emt 0:03:52]} 15. Rxa3 {[%emt 0:00:27]} Qc7 {[%emt 0:07:55]} 16. Qe2 {[%emt 0:04:53]} b5 {[%emt 0:01:00]} 17. Nd6 {[%emt 0:01:28]} a6 {[%emt 0:02:31]} 18. Qa2 {[%emt 0:09:40]} Ncxe5 {[%emt 0:03:19]} 19. Nxe5 {[%emt 0:06:05]} Nxe5 {[%emt 0:00:13]} 20. Qd2 {[%emt 0:03:07]} Bc6 {[%emt 0:02:51]} 21. Bxb5 {[%emt 0:06:14]} axb5 {[%emt 0:01:10]} 0-1

[Event "7. Arber-Senioren-Cup 2019"]
[Site "Bodenmais"]
[Date "2019.08.04"]
[Round "9.18"]
[White "Fleuch, Hans-Juergen"]
[Black "Klimpel, Siegfried"]
[Result "1-0"]
[WhiteElo "1951"]
[BlackElo "1843"]
[Annotator "NA"]
[PlyCount "57"]
[EventDate "2019.07.27"]
[EventType "swiss"]
[EventCountry "GER"]
[SourceTitle "playchess.com"]
[Source "ChessBase"]
[SourceQuality "1"]
[TimeControl "60/7800+30:0"]

1. e4 {[%emt 0:00:00]} Nf6 {[%emt 0:00:00]} 2. e5 {[%emt 0:02:37]} Nd5 {[%emt 0:00:00]} 3. Nf3 {[%emt 0:01:41]} d6 {[%emt 0:00:36]} 4. c4 {[%emt 0:06:12]} Nb6 {[%emt 0:00:11]} 5. d4 {[%emt 0:05:21]} Bg4 {[%emt 0:00:58]} 6. exd6 {[%emt 0:04:23]} exd6 {[%emt 0:01:34]} 7. Be2 {[%emt 0:01:27]} N8d7 {[%emt 0:01:49]} 8. O-O {[%emt 0:00:47]} Be7 {[%emt 0:00:30]} 9. Nbd2 {[%emt 0:02:27]} O-O {[%emt 0:05:04]} 10. b3 {[%emt 0:04:28]} a5 {[%emt 0:06:07]} 11. Bb2 {[%emt 0:01:56]} a4 {[%emt 0:00:34]} 12. Rc1 {[%emt 0:06:06]} Bf6 {[%emt 0:10:07]} 13. Ne4 {[%emt 0:00:53]} Be7 {[%emt 0:00:22]} 14. Ng3 {[%emt 0:01:01]} Nf6 {[%emt 0:03:52]} 15. h3 {[%emt 0:00:59]} Bd7 {[%emt 0:01:02]} 16. Bd3 {[%emt 0:01:34]} Qc8 {[%emt 0:03:47]} 17. Re1 {[%emt 0:02:24]} Re8 {[%emt 0:00:17]} 18. Qd2 {[%emt 0:00:26]} h6 {[%emt 0:03:41]} 19. Bb1 {[%emt 0:04:35]} Nh7 {[%emt 0:10:23]} 20. Ne4 {[%emt 0:13:09]} g5 {[%emt 0:12:50]} 21. c5 {[%emt 0:01:40]} Nd5 {[%emt 0:04:34]} 22. cxd6 {[%emt 0:00:16]} Bd8 {[%emt 0:00:03]} 23. dxc7 {[%emt 0:03:45]} Be7 {[%emt 0:01:43]} 24. Nc3 {[%emt 0:05:27]} Bxh3 {[%emt 0:15:45]} 25. Nxd5 {[%emt 0:07:05]} Qg4 {[%emt 0:00:13]} 26. Ne3 {[%emt 0:00:15]} Qf4 {[%emt 0:02:15]} 27. Ne5 {[%emt 0:08:54]} Bc8 {[%emt 0:01:49]} 28. Qd3 {[%emt 0:00:54]} Nf6 {[%emt 0:01:51]} 29. Qd1 1-0

[Event "7. Arber-Senioren-Cup 2019"]
[Site "Bodenmais"]
[Date "2019.08.04"]
[Round "9.19"]
[White "Wacker, Manfred"]
[Black "Halli, Gerhard"]
[Result "1/2-1/2"]
[WhiteElo "1741"]
[BlackElo "1955"]
[Annotator "NA"]
[PlyCount "25"]
[EventDate "2019.07.27"]
[EventType "swiss"]
[EventCountry "GER"]
[SourceTitle "playchess.com"]
[Source "ChessBase"]
[SourceQuality "1"]
[TimeControl "60/7800+30:0"]

1. d4 {[%emt 0:00:00]} d5 {[%emt 0:01:01]} 2. c4 {[%emt 0:00:00]} e6 {[%emt 0:00:49]} 3. Nf3 {[%emt 0:00:16]} Nf6 {[%emt 0:01:58]} 4. g3 {[%emt 0:02:03]} Be7 {[%emt 0:00:35]} 5. Bg2 {[%emt 0:00:28]} O-O {[%emt 0:02:32]} 6. O-O {[%emt 0:00:01]} b6 {[%emt 0:01:54]} 7. cxd5 {[%emt 0:01:05]} exd5 {[%emt 0:00:01]} 8. Nc3 {[%emt 0:00:49]} Bb7 {[%emt 0:00:24]} 9. Bf4 {[%emt 0:01:45]} Nbd7 {[%emt 0:00:59]} 10. Nb5 {[%emt 0:02:15]} c5 {[%emt 0:01:15]} 11. Bc7 {[%emt 0:03:52]} Qc8 {[%emt 0:00:54]} 12. Bd6 {[%emt 0:01:14]} Qd8 {[%emt 0:00:38]} 13. Bc7 {[%emt 0:01:59]} 1/2-1/2

[Event "7. Arber-Senioren-Cup 2019"]
[Site "Bodenmais"]
[Date "2019.08.04"]
[Round "9.21"]
[White "Kirschner, Torsten"]
[Black "Meul, Willi"]
[Result "1/2-1/2"]
[WhiteElo "1767"]
[BlackElo "1904"]
[Annotator "NA"]
[PlyCount "29"]
[EventDate "2019.07.27"]
[EventType "swiss"]
[EventCountry "GER"]
[SourceTitle "playchess.com"]
[Source "ChessBase"]
[SourceQuality "1"]
[TimeControl "60/7800+30:0"]

1. d4 {[%emt 0:00:00]} d5 {[%emt 0:00:00]} 2. c4 {[%emt 0:00:00]} e6 {[%emt 0:00:00]} 3. Nf3 {[%emt 0:00:30]} Nd7 {[%emt 0:00:54]} 4. g3 {[%emt 0:01:05]} Ngf6 {[%emt 0:01:00]} 5. Bg2 {[%emt 0:00:30]} c6 {[%emt 0:01:01]} 6. cxd5 {[%emt 0:01:21]} exd5 {[%emt 0:00:12]} 7. O-O {[%emt 0:00:20]} Bd6 {[%emt 0:00:57]} 8. Nc3 {[%emt 0:01:59]} O-O {[%emt 0:01:37]} 9. Qc2 {[%emt 0:01:46]} Re8 {[%emt 0:01:39]} 10. Bd2 {[%emt 0:04:59]} h6 {[%emt 0:03:17]} 11. Rfe1 {[%emt 0:01:32]} Ne4 {[%emt 0:03:56]} 12. Rad1 {[%emt 0:02:37]} Ndf6 {[%emt 0:02:37]} 13. Bc1 {[%emt 0:18:38]} Bf5 {[%emt 0:03:42]} 14. Qb3 {[%emt 0:04:49]} Qb6 {[%emt 0:03:07]} 15. Qxb6 {[%emt 0:03:06]} 1/2-1/2

[Event "7. Arber-Senioren-Cup 2019"]
[Site "Bodenmais"]
[Date "2019.08.04"]
[Round "9.22"]
[White "Wolff, Peter"]
[Black "Auterhoff, Juergen"]
[Result "1-0"]
[WhiteElo "1915"]
[BlackElo "1673"]
[Annotator "NA"]
[PlyCount "73"]
[EventDate "2019.07.27"]
[EventType "swiss"]
[EventCountry "GER"]
[SourceTitle "playchess.com"]
[Source "ChessBase"]
[SourceQuality "1"]
[TimeControl "60/7800+30:0"]

1. c4 {[%emt 0:00:00]} e5 {[%emt 0:00:00]} 2. g3 {[%emt 0:00:00]} Nf6 {[%emt 0:00:00]} 3. Bg2 {[%emt 0:00:00]} Nc6 {[%emt 0:00:27]} 4. Nc3 {[%emt 0:00:00]} Bc5 {[%emt 0:03:45]} 5. e3 {[%emt 0:00:06]} O-O {[%emt 0:00:44]} 6. Nge2 {[%emt 0:00:07]} b6 {[%emt 0:05:20]} 7. a3 {[%emt 0:10:12]} a5 {[%emt 0:03:51]} 8. Rb1 {[%emt 0:12:03]} Rb8 {[%emt 0:08:14]} 9. O-O {[%emt 0:00:58]} Bb7 {[%emt 0:04:27]} 10. d4 {[%emt 0:00:43]} exd4 {[%emt 0:03:38]} 11. exd4 {[%emt 0:00:12]} Be7 {[%emt 0:03:40]} 12. Bf4 {[%emt 0:18:29]} d6 {[%emt 0:02:05]} 13. Re1 {[%emt 0:19:43]} Re8 {[%emt 0:06:42]} 14. Nb5 {[%emt 0:00:47]} Qd7 {[%emt 0:13:55]} 15. Rc1 {[%emt 0:15:00]} Nd8 {[%emt 0:05:23]} 16. d5 {[%emt 0:03:24]} Ba6 {[%emt 0:09:31]} 17. Ned4 {[%emt 0:02:45]} Bxb5 {[%emt 0:02:32]} 18. cxb5 {[%emt 0:00:29]} h6 {[%emt 0:07:01]} 19. h4 {[%emt 0:11:09]} Rc8 {[%emt 0:04:33]} 20. Qd3 {[%emt 0:06:00]} Nb7 {[%emt 0:02:44]} 21. b4 {[%emt 0:00:33]} axb4 {[%emt 0:00:40]} 22. axb4 {[%emt 0:00:08]} Bf8 {[%emt 0:01:26]} 23. Rxe8 {[%emt 0:18:13]} Qxe8 {[%emt 0:00:27]} 24. Bh3 {[%emt 0:00:34]} Nd7 {[%emt 0:01:38]} 25. Qf5 {[%emt 0:01:17]} Rd8 {[%emt 0:04:07]} 26. Rxc7 {[%emt 0:01:08]} g6 {[%emt 0:05:08]} 27. Qc2 {[%emt 0:01:47]} Nbc5 {[%emt 0:12:05]} 28. bxc5 {[%emt 0:00:24]} bxc5 {[%emt 0:00:20]} 29. Nc6 {[%emt 0:03:35]} Qe1+ {[%emt 0:01:14]} 30. Kh2 {[%emt 0:03:22]} Re8 {[%emt 0:01:58]} 31. Qd2 {[%emt 0:02:06]} Qxd2 {[%emt 0:05:02]} 32. Bxd2 {[%emt 0:00:03]} Re2 {[%emt 0:00:10]} 33. Be3 {[%emt 0:00:34]} Nb6 {[%emt 0:01:21]} 34. Bg2 {[%emt 0:01:40]} Nc4 {[%emt 0:01:21]} 35. Bf1 {[%emt 0:00:57]} Rc2 {[%emt 0:01:22]} 36. Bxc4 {[%emt 0:00:24]} Rxc4 {[%emt 0:00:03]} 37. b6 {[%emt 0:00:43]} 1-0

[Event "7. Arber-Senioren-Cup 2019"]
[Site "Bodenmais"]
[Date "2019.08.04"]
[Round "9.23"]
[White "Riha, Peter"]
[Black "Wittkugel, Friedhelm"]
[Result "1/2-1/2"]
[WhiteElo "1720"]
[BlackElo "1920"]
[Annotator "NA"]
[PlyCount "88"]
[EventDate "2019.07.27"]
[EventType "swiss"]
[EventCountry "GER"]
[SourceTitle "playchess.com"]
[Source "ChessBase"]
[SourceQuality "1"]
[TimeControl "60/7800+30:0"]

1. d4 {[%emt 0:00:00]} d5 {[%emt 0:00:00]} 2. Bf4 {[%emt 0:00:00]} e6 {[%emt 0:00:08]} 3. e3 {[%emt 0:00:00]} Be7 {[%emt 0:01:20]} 4. Nf3 {[%emt 0:01:31]} h5 {[%emt 0:01:06]} 5. h3 {[%emt 0:03:04]} Nd7 {[%emt 0:01:14]} 6. Nbd2 {[%emt 0:01:35]} Ngf6 {[%emt 0:01:51]} 7. Bd3 {[%emt 0:03:57]} c5 {[%emt 0:00:42]} 8. c3 {[%emt 0:00:11]} Qb6 {[%emt 0:02:23]} 9. Rb1 {[%emt 0:01:57]} c4 {[%emt 0:03:10]} 10. Bc2 {[%emt 0:00:47]} Qa6 {[%emt 0:00:46]} 11. a3 {[%emt 0:03:36]} b5 {[%emt 0:01:53]} 12. e4 {[%emt 0:07:07]} dxe4 {[%emt 0:01:45]} 13. Nxe4 {[%emt 0:00:11]} Nxe4 {[%emt 0:01:38]} 14. Bxe4 {[%emt 0:00:12]} Bb7 {[%emt 0:00:10]} 15. Bxb7 {[%emt 0:03:27]} Qxb7 {[%emt 0:00:29]} 16. Qe2 {[%emt 0:14:22]} Qd5 {[%emt 0:01:03]} 17. Rd1 {[%emt 0:10:43]} Bf6 {[%emt 0:02:03]} 18. h4 {[%emt 0:04:53]} Rd8 {[%emt 0:03:40]} 19. Rd2 {[%emt 0:06:06]} Nf8 {[%emt 0:07:57]} 20. Bg5 {[%emt 0:11:32]} Ng6 {[%emt 0:08:22]} 21. Qe3 {[%emt 0:06:31]} Qf5 {[%emt 0:01:45]} 22. O-O {[%emt 0:04:05]} Rd5 {[%emt 0:01:46]} 23. Re1 {[%emt 0:02:11]} O-O {[%emt 0:02:37]} 24. Bxf6 {[%emt 0:08:09]} Qxf6 {[%emt 0:01:29]} 25. g3 {[%emt 0:00:39]} Rfd8 {[%emt 0:02:22]} 26. Rde2 {[%emt 0:04:50]} Rf5 {[%emt 0:01:25]} 27. Ng5 {[%emt 0:02:30]} Rdd5 {[%emt 0:01:08]} 28. f4 {[%emt 0:02:36]} Ne7 {[%emt 0:04:14]} 29. Qf3 {[%emt 0:01:23]} Rxg5 {[%emt 0:09:46]} 30. hxg5 {[%emt 0:00:28]} Qg6 {[%emt 0:01:00]} 31. Re5 {[%emt 0:01:46]} Rxe5 {[%emt 0:00:50]} 32. dxe5 {[%emt 0:00:12]} Nd5 {[%emt 0:02:28]} 33. Qe4 {[%emt 0:01:09]} Kh7 {[%emt 0:01:51]} 34. Qxg6+ {[%emt 0:00:21]} Kxg6 {[%emt 0:00:03]} 35. Kf2 {[%emt 0:01:19]} Kf5 {[%emt 0:00:26]} 36. Kf3 {[%emt 0:01:13]} a5 {[%emt 0:03:33]} 37. Rg1 {[%emt 0:06:27]} b4 {[%emt 0:00:49]} 38. axb4 {[%emt 0:01:39]} axb4 {[%emt 0:00:17]} 39. cxb4 {[%emt 0:00:18]} Nxb4 {[%emt 0:00:14]} 40. Rc1 {[%emt 0:01:40]} Nd3 {[%emt 0:00:08]} 41. Rxc4 {[%emt 0:00:19]} Nxb2 {[%emt 0:00:36]} 42. Rc7 {[%emt 0:00:50]} Kg6 {[%emt 0:00:04]} 43. g4 {[%emt 0:01:45]} hxg4+ {[%emt 0:00:30]} 44. Kxg4 {[%emt 0:00:07]} Nd3 {[%emt 0:00:34]} 1/2-1/2

[Event "7. Arber-Senioren-Cup 2019"]
[Site "Bodenmais"]
[Date "2019.08.04"]
[Round "9.24"]
[White "Ketzscher, Roland"]
[Black "Glatz, Volker"]
[Result "1-0"]
[WhiteElo "1917"]
[BlackElo "1515"]
[Annotator "NA"]
[PlyCount "109"]
[EventDate "2019.07.27"]
[EventType "swiss"]
[EventCountry "GER"]
[SourceTitle "playchess.com"]
[Source "ChessBase"]
[SourceQuality "1"]
[TimeControl "60/7800+30:0"]

1. d4 {[%emt 0:00:00]} g6 {[%emt 0:00:00]} 2. c4 {[%emt 0:00:00]} Bg7 {[%emt 0:00:07]} 3. Nc3 {[%emt 0:00:00]} c6 {[%emt 0:01:00]} 4. e4 {[%emt 0:01:40]} d6 {[%emt 0:00:47]} 5. Nf3 {[%emt 0:02:14]} Bg4 {[%emt 0:00:31]} 6. Be2 {[%emt 0:06:50]} Bxf3 {[%emt 0:00:24]} 7. Bxf3 {[%emt 0:00:03]} Nf6 {[%emt 0:00:29]} 8. O-O {[%emt 0:01:51]} O-O {[%emt 0:00:14]} 9. Be3 {[%emt 0:00:45]} Qc7 {[%emt 0:00:38]} 10. Qe2 {[%emt 0:03:10]} a6 {[%emt 0:02:47]} 11. Rac1 {[%emt 0:01:14]} Nbd7 {[%emt 0:01:23]} 12. g3 {[%emt 0:01:34]} e5 {[%emt 0:02:43]} 13. dxe5 {[%emt 0:01:57]} Nxe5 {[%emt 0:00:28]} 14. Bg2 {[%emt 0:00:36]} Rae8 {[%emt 0:06:39]} 15. Rcd1 {[%emt 0:03:41]} Rd8 {[%emt 0:01:40]} 16. c5 {[%emt 0:08:09]} Rfe8 {[%emt 0:08:20]} 17. cxd6 {[%emt 0:06:16]} Rxd6 {[%emt 0:00:19]} 18. f4 {[%emt 0:01:48]} Neg4 {[%emt 0:00:23]} 19. Rxd6 {[%emt 0:02:18]} Nxe3 {[%emt 0:00:57]} 20. Qxe3 {[%emt 0:04:16]} Qxd6 {[%emt 0:00:26]} 21. Qf3 {[%emt 0:01:26]} Qc5+ {[%emt 0:01:06]} 22. Kh1 {[%emt 0:02:23]} Nd7 {[%emt 0:02:47]} 23. e5 {[%emt 0:08:03]} Nf8 {[%emt 0:02:31]} 24. Ne4 {[%emt 0:04:05]} Qb6 {[%emt 0:02:31]} 25. Nd6 {[%emt 0:01:37]} Rd8 {[%emt 0:01:26]} 26. b3 {[%emt 0:02:50]} Ne6 {[%emt 0:00:26]} 27. Bh3 {[%emt 0:07:46]} Nd4 {[%emt 0:00:29]} 28. Qd3 {[%emt 0:00:57]} c5 {[%emt 0:01:09]} 29. Qc4 {[%emt 0:01:57]} Rf8 {[%emt 0:02:26]} 30. Rc1 {[%emt 0:00:42]} Qc6+ {[%emt 0:00:27]} 31. Bg2 {[%emt 0:00:30]} b5 {[%emt 0:05:10]} 32. Bxc6 {[%emt 0:04:50]} bxc4 {[%emt 0:00:18]} 33. Bd5 {[%emt 0:00:54]} cxb3 {[%emt 0:02:19]} 34. axb3 {[%emt 0:00:08]} Ne6 {[%emt 0:00:51]} 35. Bxe6 {[%emt 0:02:29]} fxe6 {[%emt 0:00:24]} 36. Rxc5 {[%emt 0:00:35]} Rb8 {[%emt 0:00:42]} 37. Rc8+ {[%emt 0:02:33]} Rxc8 {[%emt 0:00:22]} 38. Nxc8 {[%emt 0:00:02]} Bf8 {[%emt 0:00:26]} 39. Nb6 {[%emt 0:00:47]} Bb4 {[%emt 0:00:47]} 40. Kg2 {[%emt 0:01:23]} Kf7 {[%emt 0:00:24]} 41. Kf3 {[%emt 0:00:31]} a5 {[%emt 0:00:49]} 42. Ke4 {[%emt 0:00:34]} Bc5 {[%emt 0:01:50]} 43. Nc4 {[%emt 0:00:29]} Bb4 {[%emt 0:00:24]} 44. g4 {[%emt 0:03:35]} h6 {[%emt 0:00:36]} 45. h4 {[%emt 0:01:58]} Ke7 {[%emt 0:01:35]} 46. h5 {[%emt 0:00:56]} Kf7 {[%emt 0:01:24]} 47. f5 {[%emt 0:12:26]} g5 {[%emt 0:03:09]} 48. fxe6+ {[%emt 0:01:25]} Kxe6 {[%emt 0:00:17]} 49. Ne3 {[%emt 0:00:14]} Bf8 {[%emt 0:00:56]} 50. Nf5 {[%emt 0:00:21]} Kf7 {[%emt 0:01:46]} 51. Kd5 {[%emt 0:00:44]} Ke8 {[%emt 0:01:58]} 52. Ke6 {[%emt 0:00:40]} Kd8 {[%emt 0:00:50]} 53. Kf7 {[%emt 0:00:14]} Bc5 {[%emt 0:01:28]} 54. Nxh6 {[%emt 0:00:25]} Bd4 {[%emt 0:00:19]} 55. e6 {[%emt 0:00:14]} 1-0

[Event "7. Arber-Senioren-Cup 2019"]
[Site "Bodenmais"]
[Date "2019.08.04"]
[Round "9.25"]
[White "Nusser, Hans-Karl"]
[Black "Supplieth, Peter"]
[Result "1-0"]
[WhiteElo "1601"]
[BlackElo "1880"]
[Annotator "NA"]
[PlyCount "145"]
[EventDate "2019.07.27"]
[EventType "swiss"]
[EventCountry "GER"]
[SourceTitle "playchess.com"]
[Source "ChessBase"]
[SourceQuality "1"]
[TimeControl "60/7800+30:0"]

1. d4 {[%emt 0:00:00]} d5 {[%emt 0:00:00]} 2. c4 {[%emt 0:00:00]} c6 {[%emt 0:00:00]} 3. cxd5 {[%emt 0:00:00]} cxd5 {[%emt 0:00:00]} 4. Nc3 {[%emt 0:00:07]} Nc6 {[%emt 0:00:00]} 5. Bf4 {[%emt 0:00:49]} e6 {[%emt 0:03:06]} 6. e3 {[%emt 0:00:50]} Nf6 {[%emt 0:01:05]} 7. Bd3 {[%emt 0:01:18]} Bd6 {[%emt 0:00:43]} 8. Bxd6 {[%emt 0:02:02]} Qxd6 {[%emt 0:00:03]} 9. Nf3 {[%emt 0:01:02]} O-O {[%emt 0:00:14]} 10. O-O {[%emt 0:00:07]} e5 {[%emt 0:03:08]} 11. dxe5 {[%emt 0:07:41]} Nxe5 {[%emt 0:00:08]} 12. Nxe5 {[%emt 0:03:11]} Qxe5 {[%emt 0:00:06]} 13. h3 {[%emt 0:07:11]} Rd8 {[%emt 0:03:49]} 14. Qc2 {[%emt 0:16:01]} Bd7 {[%emt 0:09:07]} 15. Ne2 {[%emt 0:03:50]} h5 {[%emt 0:10:15]} 16. Nd4 {[%emt 0:02:35]} Rac8 {[%emt 0:08:25]} 17. Qe2 {[%emt 0:02:35]} Re8 {[%emt 0:03:56]} 18. Rac1 {[%emt 0:06:05]} a6 {[%emt 0:01:26]} 19. Rfd1 {[%emt 0:16:04]} g5 {[%emt 0:05:26]} 20. Nf3 {[%emt 0:10:53]} Qe7 {[%emt 0:00:07]} 21. Nxg5 {[%emt 0:03:48]} d4 {[%emt 0:00:33]} 22. Bc4 {[%emt 0:11:51]} Rxc4 {[%emt 0:05:11]} 23. Rxc4 {[%emt 0:09:38]} Bb5 {[%emt 0:21:25]} 24. Rdxd4 {[%emt 0:03:49]} Qe5 {[%emt 0:00:51]} 25. Ne4 {[%emt 0:11:00]} Nh7 {[%emt 0:24:19]} 26. Qc2 {[%emt 0:04:05]} Bxc4 {[%emt 0:00:58]} 27. Qxc4 {[%emt 0:00:25]} Re6 {[%emt 0:12:55]} 28. h4 {[%emt 0:04:26]} Rc6 {[%emt 0:00:38]} 29. Qf1 {[%emt 0:01:53]} Qc7 {[%emt 0:03:07]} 30. Nc3 {[%emt 0:03:38]} Nf6 {[%emt 0:00:44]} 31. Qd1 {[%emt 0:00:23]} Ng4 {[%emt 0:04:29]} 32. Rd8+ {[%emt 0:01:51]} Kh7 {[%emt 0:05:07]} 33. g3 {[%emt 0:00:54]} Rf6 {[%emt 0:04:40]} 34. Qd3+ {[%emt 0:01:36]} Kg7 {[%emt 0:02:09]} 35. f4 {[%emt 0:01:09]} Nxe3 {[%emt 0:02:53]} 36. Rd4 {[%emt 0:01:43]} Nf5 {[%emt 0:02:17]} 37. Rd5 {[%emt 0:02:18]} Qb6+ {[%emt 0:00:47]} 38. Kh2 {[%emt 0:01:14]} Qxb2+ {[%emt 0:01:17]} 39. Qd2 {[%emt 0:00:21]} Qxd2+ {[%emt 0:02:24]} 40. Rxd2 {[%emt 0:00:04]} Rd6 {[%emt 0:00:27]} 41. Rb2 {[%emt 0:00:49]} Rd3 {[%emt 0:00:38]} 42. Ne2 {[%emt 0:00:25]} b5 {[%emt 0:00:16]} 43. Kg2 {[%emt 0:00:26]} Ne3+ {[%emt 0:00:24]} 44. Kg1 {[%emt 0:00:42]} Nc4 {[%emt 0:00:40]} 45. Rc2 {[%emt 0:00:22]} Kf6 {[%emt 0:00:16]} 46. Kf2 {[%emt 0:00:28]} Kf5 {[%emt 0:00:28]} 47. Rc3 {[%emt 0:00:25]} Ke4 {[%emt 0:01:04]} 48. Rxd3 {[%emt 0:00:56]} Kxd3 {[%emt 0:00:08]} 49. g4 {[%emt 0:00:40]} hxg4 {[%emt 0:01:31]} 50. h5 {[%emt 0:00:16]} Nd6 {[%emt 0:00:28]} 51. h6 {[%emt 0:00:25]} f5 {[%emt 0:00:20]} 52. h7 {[%emt 0:00:22]} Nf7 {[%emt 0:00:05]} 53. Ng3 {[%emt 0:00:09]} b4 {[%emt 0:00:56]} 54. Nxf5 {[%emt 0:00:21]} a5 {[%emt 0:00:35]} 55. Nd6 {[%emt 0:00:37]} Nh8 {[%emt 0:00:08]} 56. f5 {[%emt 0:00:20]} a4 {[%emt 0:01:11]} 57. f6 {[%emt 0:00:10]} b3 {[%emt 0:00:21]} 58. f7 {[%emt 0:00:39]} bxa2 {[%emt 0:00:31]} 59. f8=Q {[%emt 0:00:17]} a1=Q {[%emt 0:00:18]} 60. Qf5+ {[%emt 0:00:35]} Kd2 {[%emt 0:00:22]} 61. Nc4+ {[%emt 2:10:50]} Kc1 {[%emt 2:10:28]} 62. Qf4+ {[%emt 0:00:27]} Kb1 {[%emt 0:00:21]} 63. Qe4+ {[%emt 0:00:21]} Kc1 {[%emt 0:01:09]} 64. Qe3+ {[%emt 0:00:28]} Kc2 {[%emt 0:00:13]} 65. Qd2+ {[%emt 0:01:05]} Kb3 {[%emt 0:00:11]} 66. Na5+ {[%emt 0:00:41]} Ka3 {[%emt 0:00:20]} 67. Qd3+ {[%emt 0:00:48]} Kb4 {[%emt 0:00:25]} 68. Nc6+ {[%emt 0:00:32]} Kc5 {[%emt 0:00:14]} 69. Qc2+ {[%emt 0:00:48]} Kd6 {[%emt 0:00:14]} 70. Qc4 {[%emt 0:00:33]} Qb2+ {[%emt 0:00:18]} 71. Ke3 {[%emt 0:00:19]} Qb3+ {[%emt 0:00:11]} 72. Kd4 {[%emt 0:00:19]} Qxc4+ {[%emt 0:00:53]} 73. Kxc4 {[%emt 0:00:02] Ke5 Kd4+} 1-0